|
|
|
|
| LEADER |
00000nas a2200000 a 4500 |
| 001 |
ssj0003906 |
| 003 |
WaSeSS |
| 005 |
20200512172242.0 |
| 006 |
m d |
| 007 |
cr n |
| 008 |
940801d19951998scuqr m s 0 a0eng c |
| 010 |
|
|
|a 95660817
|z sn 94002795
|
| 016 |
7 |
|
|a 985768754
|2 DE-101
|
| 016 |
7 |
|
|a 2388464-2
|2 DE-600
|
| 016 |
7 |
|
|a 010492832
|2 Uk
|
| 022 |
|
|
|l 1077-6966
|y 1077-6966
|
| 035 |
|
|
|a (WaSeSS)ssj0003906
|
| 040 |
|
|
|a NSD
|b eng
|c NSD
|d WAU
|d IUL
|d DLC
|d NSD
|d EYM
|d UMC
|d WAU
|d DLC
|d IUL
|d NLGGC
|d LVB
|d OCLCQ
|d GBVCP
|d OCLCQ
|d OCLCF
|d OCLCO
|d L2U
|d OCLCO
|d OCLCQ
|d UKMGB
|d MYIIU
|d OCLCQ
|d OCLCA
|d GILDS
|d OCLCO
|d OCLCA
|d WaSeSS
|
| 042 |
|
|
|a nsdp
|a pcc
|
| 050 |
0 |
0 |
|a PN4722
|b .J6
|
| 082 |
0 |
0 |
|a 070/.5
|2 19
|
| 210 |
0 |
|
|a Journal. mass commun. monogr.
|
| 222 |
|
0 |
|a Journalism & mass communication monographs
|
| 245 |
0 |
0 |
|a Journalism & mass communication monographs
|h [electronic resource].
|
| 246 |
3 |
|
|a Journalism and mass communication monographs
|
| 246 |
3 |
0 |
|a Monographs
|
| 260 |
|
|
|a Columbia, SC :
|b AEJMC,
|c ©1995-©1998.
|
| 310 |
|
|
|a Quarterly,
|b 1998
|
| 321 |
|
|
|a Irregular,
|b 1995-1997
|
| 362 |
0 |
|
|a 149 (Feb. 1995)-168 (Dec. 1998).
|
| 506 |
|
|
|a License restrictions may limit access.
|
| 650 |
|
0 |
|a Journalism
|v Periodicals.
|
| 650 |
|
0 |
|a Mass media
|v Periodicals.
|
| 650 |
|
6 |
|a Journalisme
|v Collections.
|
| 650 |
|
6 |
|a Presse
|v Collections.
|
| 650 |
|
7 |
|a Journalism.
|2 fast
|0 (OCoLC)fst00984032
|
| 650 |
|
7 |
|a Mass media.
|2 fast
|0 (OCoLC)fst01011219
|
| 650 |
1 |
7 |
|a Journalistiek.
|2 gtt
|
| 650 |
1 |
7 |
|a Massacommunicatie.
|2 gtt
|
| 655 |
|
0 |
|a Electronic journals.
|
| 710 |
2 |
|
|a Association for Education in Journalism and Mass Communication.
|
| 780 |
0 |
0 |
|t Journalism monographs (Austin, Tex.)
|x 0022-5525
|w (DLC) 85645151
|w (OCoLC)1754869
|
| 785 |
0 |
0 |
|t Journalism & communication monographs
|x 1522-6379
|w (DLC)sn 98004957
|w (OCoLC)40389629
|
| 850 |
|
|
|a DLC
|a InU
|a MdU
|a MiU
|a WaU
|
| 856 |
4 |
0 |
|z Full text available from Research Library: 02/01/1994 to 12/31/1998
|u https://search.proquest.com/publication/34566
|